Technológia a technika členenia sklených vlákien : Diplomová práca

Enregistré dans:
Détails bibliographiques
Auteur principal: Vidlička, Andrej (Auteur)
Autres auteurs: Valentovič, Ernest, 1931- (xxx)
Format: Manuscrit Livre
Langue:slovaque
Publié: Trnava : STU v Bratislave MtF KOM, 1999
Sujets:
Tags: Ajouter un tag
Pas de tags, Soyez le premier à ajouter un tag!

MARC

LEADER 00000ntm a22000003a 4500
001 stu78938
005 20160719155022.3
008 030206s1999----xo------------------slo-d
040 |a STU  |b slo 
041 0 |a slo 
044 |a xo 
100 1 |a Vidlička, Andrej  |4 aut 
245 1 |a Technológia a technika členenia sklených vlákien :  |b Diplomová práca 
260 |a Trnava :  |b STU v Bratislave MtF KOM,  |c 1999 
300 |a 55 s  |c abstr. + príl. 
650 7 |a delenie vlákien  |2 stusub 
650 7 |a technológie delenia  |2 stusub 
650 7 |a strojárske technológie  |2 stusub 
700 1 |a Valentovič, Ernest,  |d 1931-  |4 xxx  |u M160  |U MTF Ústav výrobných technológií  |T MTF Katedra obrábania a montáže  |X 3617  |U M160  |Y M160  |7 A000003617 
996 |b 284M037077  |c M*DP-1777  |l MMSKP  |s P  |a 0  |w stu78938_0001